000 00637nam a2200241Ia 4500
005 20260121112338.0
008 5257 260114s9999 xx 000 0 eng d
020 _a9789814630627
037 _aEBOOK
040 _aCRL
_beng
_cCRL
041 _aeng
_2eng
084 _qCRL
100 _aKauffman Louis H Et Al
_9956137
245 0 _aNew Ideas in Low Dimensional Topology
260 _bWorld Scientific
260 _bWSPC
260 _c2015
650 _aMathematics
_9956138
856 _uhttps://www.worldscientific.com/worldscibooks/10.1142/9348#t=toc
942 _cEBOOK
999 _c1542557
_d1542557